000
00234nam a2200097Ia 4500
001
970025
005
20250826220501.0
008
250824s9999 xx 000 0 und d
245
0
_a
FURKAN
_c
KAHRAMAN TAZEOĞLU
260
_b
DESTEK YAYINLARI
999
_c
970025
_d
970025